|
|
|
|
| LEADER |
00000ckm a2200000 a 4500 |
| 001 |
vtls001392353 |
| 003 |
SK-MaSNL |
| 005 |
20260331204331.0 |
| 008 |
231206s1967 xo 0kuslo |
| 035 |
|
|
|a SNK000346653
|
| 040 |
|
|
|a SNK
|b slo
|c SNK
|e AACR2
|
| 041 |
0 |
|
|a slo
|
| 043 |
|
|
|a e-xo---
|
| 044 |
|
|
|a xo
|c SK
|
| 080 |
|
|
|a 908.437.6(084.121)
|2 1981
|
| 080 |
|
|
|a 908(437.6)
|2 2011
|
| 080 |
|
|
|a (084.121)
|2 2011
|
| 100 |
1 |
|
|a Absolon, Ľudovít,
|d 1909-1988
|4 fot
|9 38194
|
| 245 |
1 |
0 |
|a Modra
|h grafika
|b hotel
|c foto Ľudovít Absolon
|
| 260 |
|
|
|a [Bratislava]
|b VPL
|c 1967
|
| 300 |
|
|
|a 1 pohľadnica
|b čiernobiela
|c 11 x 15 cm
|
| 651 |
|
7 |
|a Modra (Slovensko)
|2 SNKPH
|9 15238
|
| 655 |
|
7 |
|a miestne pohľadnice
|2 SNKPH
|9 70510
|
| 958 |
|
|
|a GC
|
| 958 |
|
|
|a GBN
|
| 958 |
|
|
|a OND
|
| 999 |
|
|
|c 770549
|d 772479
|
| 952 |
|
|
|t P60, <04>, [BOOK], {604}
|a SNK
|b SNK
|y PREZ
|7 0
|p 17A0387506
|o snkSP 49419 D1
|i snkPV 732/2000
|0 0
|1 0
|4 0
|d 2000-07-11
|l 0
|r 2005-01-02 00:00:00
|w 2026-02-24
|
| 952 |
|
|
|a SNK
|b SNK
|y PREZ
|7 0
|p 17A1278532
|o snkSP 49419
|0 0
|1 0
|4 0
|d 2017-09-06
|f 1
|l 0
|r 2026-02-24 00:33:23
|w 2026-02-24
|